Układ okresowy pierwiastków chemicznych (część) - Statystyki

Ogólne statystyki
  • Ten quiz został rozwiązany 860 razy
  • Średni wynik to 40 z 48
Statystyki odpowiedzi
Nazwa Symbol % Poprawnych
Argon Ar
97%
Brom Br
97%
Bor B
96%
Bar Ba
95%
Beryl Be
95%
Azot N
95%
Chlor Cl
93%
Fluor F
93%
Magnez Mg
93%
Arsen As
92%
Bizmut Bi
92%
Hel He
92%
Lit Li
91%
Chrom Cr
89%
German Ge
89%
Neon Ne
89%
Gal Ga
88%
Mangan Mn
88%
Siarka S
88%
Nikiel Ni
87%
Fosfor P
86%
Tlen O
85%
Potas K
84%
Glin Al
83%
Krypton Kr
83%
Polon Po
83%
Cynk Zn
83%
Węgiel C
82%
Wodór H
82%
Ołów Pb
82%
Miedź Cu
81%
Sód Na
80%
Selen Se
80%
Srebro Ag
78%
Krzem Si
78%
Wapń Ca
77%
Złoto Au
76%
Żelazo Fe
76%
Rubid Rb
76%
Kobalt Co
74%
Rtęć Hg
74%
Platyna Pt
72%
Cyna Sn
72%
Stront Sr
70%
Cez Cs
68%
Tytan Ti
64%
Wanad V
62%
Skand Sc
57%
Nie znaleziono quizów pasujących do podanych kryteriów
Rozkład punktacji
Procent ludzi z każdym wynikiem
Percentyl według liczby udzielonych odpowiedzi
Twoja historia wyników
Nie rozwiązałeś tego quizu